CRYPTOGRAPHY AND NETWORK SECURITY (Record no. 216525)

MARC details
000 -LEADER
fixed length control field 00543nam a22001697a 4500
008 - FIXED-LENGTH DATA ELEMENTS--GENERAL INFORMATION
fixed length control field 260203b |||||||| |||| 00| 0 eng d
020 ## - INTERNATIONAL STANDARD BOOK NUMBER
International Standard Book Number 978-0-13-670722-6
100 ## - MAIN ENTRY--PERSONAL NAME
Personal name STALLINGS, WILLIAM
245 ## - TITLE STATEMENT
Title CRYPTOGRAPHY AND NETWORK SECURITY
Remainder of title PRINCIPLES AND PRACTICE
250 ## - EDITION STATEMENT
Edition statement 8TH GLOBAL ED
260 ## - PUBLICATION, DISTRIBUTION, ETC.
Place of publication, distribution, etc. HARLOW
Name of publisher, distributor, etc. PEARSON
Date of publication, distribution, etc. 2023
300 ## - PHYSICAL DESCRIPTION
Extent 832P.
500 ## - GENERAL NOTE
General note INCLUDES INDEX
650 ## - SUBJECT ADDED ENTRY
Topical term or geographic name entry element 1COMPUTER NETWORKS -SECURITY MEASURES 2. CRYPTOGRAPHY 3. INFORMATION TECHNOLOGY -SECURITY MEASURES
942 ## - ADDED ENTRY ELEMENTS (KOHA)
Source of classification or shelving scheme Library of Congress Classification
Koha item type Long Loan Book
Holdings
Withdrawn status Lost status Source of classification or shelving scheme Damaged status Not for loan Collection Home library Current library Shelving location Date acquired Inventory number Total checkouts Full call number Barcode Date last seen Date last checked out Copy number Price effective from Koha item type
    Library of Congress Classification     Science & Technology Kisii University Library Kisii University Library On Display 02/03/2026 111096 1 TK 105.59 .S73 2023 50245 03/26/2026 03/23/2026 C.1 02/03/2026 Long Loan Book
    Library of Congress Classification     Science & Technology Kisii University Library Kisii University Library On Display 02/03/2026 111097   TK 105.59 .S73 2023 50246 02/03/2026   C.2 02/03/2026 Long Loan Book
    Library of Congress Classification     Science & Technology Kisii University Library Kisii University Library On Display 02/03/2026 111098   TK 105.59 .S73 2023 50248 02/03/2026   C.3 02/03/2026 Long Loan Book